00382 2200157 4500001002100000005001500021035002000036245003900056100001900095300002600114260002800140082000800168084001400176020002200190990001200212INLIS00000000000300720250918091224 a0010-09250003541 aMy Broken Flower /cPark Moonlight0 aPark Moonlight a162 hlm ;c13 x 19 cm aJakarta :bZettu,c2012 a813 a813 PAR m a978-602-7735-06-4 a0755626